Podpora přeshraniční spolupráce ve středoevropském prostoru

Hlavný cieľ kohéznej politiky EÚ - zmiernenie hospodárskych a sociálnych rozdielov v rozvoji európskych regiónov. Dôležitosť územného aspektu pre harmonický rozvoj regiónov EÚ. Podpora cezhraničnej spolupráce prostredníctvom Európskeho fondu pre regionálny rozvoj. Finančné perspektívy cezhraničnej s...

Ausführliche Beschreibung

Gespeichert in:
Bibliographische Detailangaben
1. Verfasser: Valášková, Tereza
Format: Buchkapitel
Sprache:Tschechisch
Schlagworte:
Tags: Tag hinzufügen
Keine Tags, Fügen Sie das erste Tag hinzu!

MARC

LEADER 00000nla a2200000 4500
001 0157618
005 20221104125938.6
041 0 |a cze 
044 |a CZ 
245 1 0 |a Podpora přeshraniční spolupráce ve středoevropském prostoru  |c Tereza Valášková 
520 |a Hlavný cieľ kohéznej politiky EÚ - zmiernenie hospodárskych a sociálnych rozdielov v rozvoji európskych regiónov. Dôležitosť územného aspektu pre harmonický rozvoj regiónov EÚ. Podpora cezhraničnej spolupráce prostredníctvom Európskeho fondu pre regionálny rozvoj. Finančné perspektívy cezhraničnej spolupráce v rokoch 2014-2020. Prehľad operačných programov cezhraničnej spolupráce v rámci piatich stredoeurópskych a susediacich štátov. Komparácia alokácií cezhraničnej spolupráce podľa tematických oblastí. 
610 2 0 |a spolupráca cezhraničná 
610 2 0 |a spolupráca hospodárska medzinárodná 
610 2 0 |a financie 
610 2 0 |a rozvoj regionálny 
610 2 0 |a politika kohézna 
610 2 0 |a fondy Európskej únie 
610 2 0 |a Európska únia 
100 1 |a Valášková, Tereza